О создании высокопроизводительных машин для вращательного бурения шпуров в горных породах средней крепости; Уголь; № 8

Bibliografiske detaljer
Parent link:Уголь: научно-технический и производственный журнал/ Министерство угольной промышленности СССР ; Научно-техническое горное общество
№ 8.— 1958.— С. 29-33
Hovedforfatter: Алимов О. Д.
Summary:В фонде НТБ отсутствует
Sprog:russisk
Udgivet: 1958
Fag:
Format: MixedMaterials Book Chapter
KOHA link:https://koha.lib.tpu.ru/cgi-bin/koha/opac-detail.pl?biblionumber=593026

MARC

LEADER 00000naa0a2200000 4500
001 593026
005 20241226101952.0
035 |a (RuTPU)RU\TPU\tpu\5843 
090 |a 593026 
100 |a 20011210d1958 k||y0rusy50 ca 
101 0 |a rus 
102 |a RU 
200 1 |a О создании высокопроизводительных машин для вращательного бурения шпуров в горных породах средней крепости  |f О. Д. Алимов 
300 |a В фонде НТБ отсутствует 
461 |t Уголь  |o научно-технический и производственный журнал  |f Министерство угольной промышленности СССР ; Научно-техническое горное общество 
463 |t № 8  |v С. 29-33  |d 1958 
610 1 |a горное дело 
610 1 |a труды учёных ТПУ 
700 1 |a Алимов  |b О. Д. 
801 0 |a RU  |b 63413507  |c 20011210  |g PSBO 
801 2 |a RU  |b 63413507  |c 20111221  |g PSBO 
942 |c CR